00468nam a2200157 a 450000500170000000800410001702000180005805000210007610000210009724500620011825000120018026000400019230000220023265000310025465000250028520140310183435.0080124s19uu xx 00 eng d a9781412911306 aH 62b.H592 2007 aHolliday, Adrian aDoing and writing qualitative research. /cAdrian Holiday a2nd ed. aLondon :bSage Publications,c2007. a199 p. :c23 cm.  aSocial SciencesxResearch. aQualitative Resrach.